[Event "XX C.to Italiano UISP A"]
[Site "Camaiore ITA"]
[Date "1999.12.??"]
[Round "3"]
[White "Arnetta, Maria Teresa"]
[Black "Riccio, Eros"]
[Result "1/2-1/2"]
[WhiteElo "1792"]
[BlackElo "2096"]
[PlyCount "37"]
[EventDate "1999.12.04"]

1.e4 e5 2.Nf3 Nf6 3.Nc3 Bb4 4.Bc4 d6 5.d3 Nc6 6.a3 Bxc3+ 7.bxc3 Be6 8.Bb3 
O-O 9.O-O Ne7 10.Bg5 Nd7 11.d4 Bxb3 12.cxb3 f6 13.Be3 Qe8 14.Rc1 Qg6 15.
Qd3 d5 16.Nd2 c6 17.f3 Rfd8 18.Qe2 Re8 19.Bf2 1/2-1/2

[Event "XX C.to Italiano UISP A"]
[Site "Camaiore ITA"]
[Date "1999.12.??"]
[Round "3"]
[White "Cocchi, Andrea"]
[Black "Corvi, Marco"]
[Result "1/2-1/2"]
[WhiteElo "2250"]
[BlackElo "2308"]
[PlyCount "112"]
[EventDate "1999.12.04"]

1.Nf3 f5 2.c4 Nf6 3.Nc3 d6 4.g3 g6 5.Bg2 Bg7 6.d3 O-O 7.O-O c6 8.Bd2 e5 9.
Qc2 Qc7 10.b4 h6 11.Rad1 Kh7 12.b5 c5 13.Ne1 g5 14.e3 Kh8 15.f4 exf4 16.
exf4 g4 17.Qc1 a6 18.a4 axb5 19.axb5 Nbd7 20.Nc2 Nb6 21.Rfe1 Qf7 22.Ne3 
Be6 23.Re2 Rfe8 24.Rde1 Rac8 25.Qc2 Qd7 26.Qb3 Bf7 27.Kf1 Kg8 28.Ned5 
Nfxd5 29.Nxd5 Bxd5 30.Rxe8+ Rxe8 31.Rxe8+ Qxe8 32.Bxd5+ Nxd5 33.cxd5 Qa8 
34.Bc3 b6 35.Bxg7 Kxg7 36.Kf2 Qa1 37.Kg2 Kf7 38.Qc4 h5 39.d4 h4 40.dxc5 
h3+ 41.Kf2 bxc5 42.b6 Qh1 43.b7 Qxh2+ 44.Ke1 Qb2 45.Qe2 Qxb7 46.Qe6+ Kf8 
47.Qxf5+ Qf7 48.Qxg4 h2 49.Qh3 Qxd5 50.Qxh2 Kg7 51.Qb2+ Kg6 52.Qh8 Qe4+ 
53.Kf2 Qc2+ 54.Kf3 Qd3+ 55.Kf2 Qd2+ 56.Kf3 Qd3+ 1/2-1/2

[Event "XX C.to Italiano UISP A"]
[Site "Camaiore ITA"]
[Date "1999.12.??"]
[Round "3"]
[White "Ferro, Mario"]
[Black "Adinolfi, Vincenzo"]
[Result "1-0"]
[WhiteElo "1807"]
[BlackElo "2187"]
[PlyCount "107"]
[EventDate "1999.12.04"]

1.e4 c5 2.Nc3 Nc6 3.f4 e6 4.Bc4 a6 5.a4 g6 6.Nf3 Bg7 7.d3 d6 8.O-O Nge7 9.
Ba2 O-O 10.Kh1 Nd4 11.Ne2 Nec6 12.c3 Nxe2 13.Qxe2 b5 14.axb5 axb5 15.Bd2 
Bd7 16.Qf2 Qe7 17.d4 c4 18.d5 Na5 19.Rfe1 Ra6 20.b4 Nb7 21.Nd4 Rfa8 22.
dxe6 fxe6 23.Be3 Ra3 24.Qb2 Kh8 25.Bxc4 Rxa1 26.Rxa1 Rxa1+ 27.Qxa1 bxc4 
28.Qa6 Nd8 29.Qxc4 e5 30.Nf3 Be6 31.Qa6 Qc7 32.fxe5 dxe5 33.Bb6 Qb7 34.b5 
Qxa6 35.bxa6 Nc6 36.a7 Nxa7 37.Bxa7 Bc4 38.Bb8 Bd3 39.Bxe5 Bxe4 40.Bxg7+ 
Kxg7 41.Kg1 Kf6 42.Kf2 h5 43.Ke3 Bb7 44.Kf4 g5+ 45.Nxg5 Bxg2 46.Ne4+ Ke6 
47.h4 Kd5 48.Nf6+ Kc4 49.Nxh5 Kxc3 50.Nf6 Kd4 51.h5 Bf1 52.Ng4 Bd3 53.Ne5 
Bh7 54.Ng6 1-0

[Event "XX C.to Italiano UISP A"]
[Site "Camaiore ITA"]
[Date "1999.12.??"]
[Round "3"]
[White "Gaiba, Paolo"]
[Black "Campanile, Antonio"]
[Result "1-0"]
[WhiteElo "2149"]
[BlackElo "2156"]
[PlyCount "87"]
[EventDate "1999.12.04"]

1.e4 d5 2.Nc3 d4 3.Nce2 e5 4.Ng3 Nd7 5.Nf3 g6 6.Bc4 Bg7 7.d3 Nb6 8.Bb3 Qe7
9.Ng5 Nh6 10.O-O f6 11.Nh3 Bxh3 12.gxh3 O-O-O 13.f4 Nd7 14.f5 gxf5 15.exf5
Nf7 16.Qh5 Nd6 17.a3 Nb6 18.Bd2 Ne8 19.Qf3 c6 20.Bb4 c5 21.Ba5 Bh6 22.a4 
Nc7 23.Kh1 Kb8 24.Rg1 Rd7 25.Rg2 Nbd5 26.Ne4 b6 27.Be1 a5 28.Bh4 Ka7 29.
Rag1 Be3 30.Rg8 Bxg1 31.Rxh8 Qg7 32.Rc8 Be3 33.Qg2 Qh6 34.Bxd5 Qxh4 35.Ng3
Nxd5 36.c4 dxc3 37.bxc3 Qxa4 38.c4 Qa1+ 39.Nf1 Kb7 40.Rg8 Kc6 41.cxd5+ Kd6
42.Rg3 Bd4 43.Rf3 Qa2 44.Qxa2 1-0

[Event "XX C.to Italiano UISP A"]
[Site "Camaiore ITA"]
[Date "1999.12.??"]
[Round "3"]
[White "Galioto, Natale"]
[Black "Gazzarri, Alberto"]
[Result "0-1"]
[WhiteElo "1934"]
[BlackElo "2210"]
[PlyCount "34"]
[EventDate "1999.12.04"]

1.e4 e5 2.f4 exf4 3.Bc4 Be7 4.Nf3 Nf6 5.d3 d5 6.exd5 Nxd5 7.O-O O-O 8.Bb3 
Nc6 9.Nc3 Nxc3 10.bxc3 Bd6 11.d4 Bg4 12.c4 Qf6 13.c3 Rad8 14.Rb1 b6 15.Qd2
Ne5 16.Qf2 Rfe8 17.Ne1 Re7 0-1

[Event "XX C.to Italiano UISP A"]
[Site "Camaiore ITA"]
[Date "1999.12.??"]
[Round "3"]
[White "Lucaroni, Massimiliano"]
[Black "Gardon, Ermanno"]
[Result "1/2-1/2"]
[WhiteElo "2275"]
[BlackElo "2130"]
[PlyCount "56"]
[EventDate "1999.12.04"]

1.e4 e6 2.Nf3 c5 3.d4 cxd4 4.Nxd4 Nf6 5.Nc3 Nc6 6.Be3 Bb4 7.Bd3 d5 8.Nxc6 
bxc6 9.e5 d4 10.exf6 dxe3 11.fxg7 exf2+ 12.Kf1 Rg8 13.Qg4 Bxc3 14.bxc3 Qf6
15.Qc4 Bd7 16.Be4 Qf4 17.Rd1 f5 18.Qd4 Rd8 19.Bf3 Qxd4 20.cxd4 c5 21.dxc5 
Rc8 22.Kxf2 Rxc5 23.Rd2 Rxg7 24.Rhd1 Bc6 25.Rd4 Rxc2+ 26.Ke3 Rc3+ 27.R4d3 
Rxd3+ 28.Rxd3 Rc7 1/2-1/2

[Event "XX C.to Italiano UISP A"]
[Site "Camaiore ITA"]
[Date "1999.12.??"]
[Round "3"]
[White "Luciani, Valerio"]
[Black "Nelli, Luca"]
[Result "1-0"]
[WhiteElo "2229"]
[BlackElo "1882"]
[PlyCount "105"]
[EventDate "1999.12.04"]

1.c4 c5 2.Nf3 b6 3.g3 Bb7 4.Bg2 Nf6 5.O-O e6 6.d4 cxd4 7.Qxd4 d6 8.Nc3 Be7
9.e4 a6 10.Re1 O-O 11.b3 Nbd7 12.Qe3 Qc7 13.Bb2 Rad8 14.Rac1 Rfe8 15.Nd4 
Ng4 16.Qe2 Nge5 17.f4 Nc6 18.Nf3 Qb8 19.Rcd1 Bf6 20.Rd2 Nc5 21.Red1 Ba8 
22.h4 Be7 23.Ng5 Nd7 24.Qh5 Bxg5 25.hxg5 b5 26.cxb5 axb5 27.Rxd6 Nc5 28.
Rxd8 Rxd8 29.Rxd8+ Qxd8 30.Kh2 Nd3 31.Qe2 Nxb2 32.Qxb2 Qd4 33.Qc1 Qc5 34.
Qd2 Nd4 35.Ne2 Nxe2 36.Qxe2 g6 37.Qd2 Bc6 38.Qa5 Qd4 39.Qc7 Bxe4 40.Qb8+ 
Kg7 41.Qe5+ Qxe5 42.fxe5 Bc2 43.b4 h6 44.Bf1 Ba4 45.gxh6+ Kxh6 46.g4 Kg5 
47.Kg3 f6 48.exf6 Kxf6 49.Kf4 e5+ 50.Ke4 Ke6 51.g5 Bc2+ 52.Ke3 Ba4 53.Bd3 
1-0

[Event "XX C.to Italiano UISP A"]
[Site "Camaiore ITA"]
[Date "1999.12.??"]
[Round "3"]
[White "Paganelli, Roberto"]
[Black "Ottavi, Marco"]
[Result "1-0"]
[WhiteElo "1912"]
[BlackElo "1924"]
[PlyCount "72"]
[EventDate "1999.12.04"]

1.e4 e6 2.d4 d5 3.exd5 exd5 4.Bd3 Bd6 5.Ne2 Ne7 6.O-O O-O 7.Bf4 Bg4 8.Bxd6
Qxd6 9.f3 Bf5 10.c3 Nbc6 11.Ng3 Bxd3 12.Qxd3 Rae8 13.Nd2 Nd8 14.Rae1 Ne6 
15.Nf5 Nxf5 16.Qxf5 Qf4 17.Qd3 Qg5 18.g3 Nf4 19.Qc2 Ne2+ 20.Kh1 Re3 21.Ne4
dxe4 22.Rxe2 exf3 23.Rxe3 Qxe3 24.Qf5 Qe2 25.Qxf3 Qxb2 26.Rf2 Qb5 27.Kg2 
c6 28.Re2 Qc4 29.a3 a5 30.Re7 Qb3 31.c4 Qxc4 32.Rxb7 Re8 33.Kh3 Qe6+ 34.
Qg4 Qc4 35.Qf5 g6 36.Qf6 Qe2 1-0

[Event "XX C.to Italiano UISP A"]
[Site "Camaiore ITA"]
[Date "1999.12.??"]
[Round "3"]
[White "Pipitone, Antonio"]
[Black "Scalcione, Michelangelo"]
[Result "0-1"]
[WhiteElo "2063"]
[BlackElo "2177"]
[PlyCount "70"]
[EventDate "1999.12.04"]

1.e4 e5 2.Nf3 d6 3.d4 exd4 4.Nxd4 Nf6 5.Nc3 Be7 6.Be2 O-O 7.O-O Re8 8.f4 
Bf8 9.Bf3 c6 10.Re1 Qc7 11.Be3 Na6 12.Nb3 Be6 13.Nd2 Rad8 14.f5 Bc8 15.Kh1
d5 16.Bg5 dxe4 17.Ncxe4 Nxe4 18.Rxe4 f6 19.Bf4 Bd6 20.Bxd6 Qxd6 21.Qe2 
Rxe4 22.Nxe4 Qe5 23.Rd1 Rxd1+ 24.Qxd1 Bxf5 25.Qd8+ Kf7 26.Nd6+ Kg6 27.g4 
Bxc2 28.Qf8 Bd3 29.Qf7+ Kh6 30.Nf5+ Kg5 31.Qxg7+ Kf4 32.Qh6+ Kxf3 33.Qh3+ 
Ke2 34.Qg2+ Kd1 35.Qg1+ Qe1 0-1

[Event "XX C.to Italiano UISP A"]
[Site "Camaiore ITA"]
[Date "1999.12.??"]
[Round "3"]
[White "Prelati, Maurizio"]
[Black "Beggi, Pierluigi"]
[Result "0-1"]
[WhiteElo "2129"]
[BlackElo "2170"]
[PlyCount "46"]
[EventDate "1999.12.04"]

1.e4 c5 2.d4 cxd4 3.c3 d5 4.exd5 Qxd5 5.cxd4 Nc6 6.Nf3 e5 7.Nc3 Bb4 8.Bd2 
Bxc3 9.Bxc3 e4 10.Ne5 Nxe5 11.dxe5 Ne7 12.Qe2 O-O 13.Rd1 Qxa2 14.Bb4 Qe6 
15.Qxe4 Re8 16.Bb5 Nc6 17.O-O Bd7 18.Bc3 Rad8 19.Rd6 Qxd6 20.Bd3 Bf5 21.
exd6 Bxe4 22.d7 Rxd7 23.Re1 Rxd3 0-1

[Event "XX C.to Italiano UISP A"]
[Site "Camaiore ITA"]
[Date "1999.12.??"]
[Round "3"]
[White "Ragonese, Lucio Rosario"]
[Black "Farina, Saverio"]
[Result "1/2-1/2"]
[WhiteElo "2010"]
[BlackElo "2142"]
[PlyCount "32"]
[EventDate "1999.12.04"]

1.f4 d5 2.b3 c5 3.Nf3 Nc6 4.Bb2 Nf6 5.e3 Bf5 6.Be2 e6 7.O-O Bd6 8.Ne5 Qc7 
9.d4 h6 10.Bd3 O-O-O 11.Na3 a6 12.Qe2 Bxd3 13.Qxd3 Ne4 14.c4 Nb4 15.Qe2 g5
16.cxd5 f6 1/2-1/2

[Event "XX C.to Italiano UISP A"]
[Site "Camaiore ITA"]
[Date "1999.12.??"]
[Round "3"]
[White "Tomescu, Vlad"]
[Black "Caruso, Augusto"]
[Result "1-0"]
[WhiteElo "2453"]
[BlackElo "2219"]
[PlyCount "75"]
[EventDate "1999.12.04"]

1.e4 e6 2.d4 d5 3.Nd2 Nf6 4.e5 Nfd7 5.Bd3 c5 6.c3 Nc6 7.Ne2 b6 8.O-O cxd4 
9.cxd4 Nb4 10.Bb1 Ba6 11.Nf3 Rc8 12.a3 Nc6 13.Re1 Be7 14.Nc3 Ndb8 15.Be3 
Na5 16.Nd2 g6 17.Bh6 Bg5 18.Bxg5 Qxg5 19.Bc2 Kf8 20.Ba4 Kg7 21.Bb5 Rxc3 
22.Bxa6 Rc7 23.Bd3 Rhc8 24.b4 Nac6 25.Nf3 Qf4 26.g3 Qg4 27.Bf1 Ne7 28.Kg2 
Rc3 29.Bd3 Nbc6 30.h3 Qh5 31.Qd2 Nd8 32.Rec1 Rxc1 33.Rxc1 Ndc6 34.b5 Na5 
35.Rxc8 Nxc8 36.Qf4 Ne7 37.Qf6+ Kf8 38.Ng5 1-0

[Event "XX C.to Italiano UISP A"]
[Site "Camaiore ITA"]
[Date "1999.12.??"]
[Round "3"]
[White "Unterthurner, Hans"]
[Black "Mazzilli, Piero"]
[Result "1-0"]
[WhiteElo "1863"]
[BlackElo "2131"]
[PlyCount "75"]
[EventDate "1999.12.04"]

1.e4 c5 2.Nf3 d6 3.d4 cxd4 4.Nxd4 Nf6 5.Nc3 a6 6.Be2 e5 7.Nf3 Be7 8.Bg5 
Nbd7 9.O-O O-O 10.a4 b6 11.Nd5 Bb7 12.Nxe7+ Qxe7 13.Bd3 h6 14.Bh4 Rac8 15.
Re1 Nc5 16.Qe2 Qe6 17.Nd2 Nxd3 18.Qxd3 Nh5 19.Bg3 Rfd8 20.c4 g6 21.Qe3 f5 
22.Qxh6 Nxg3 23.hxg3 Rd7 24.Nf3 fxe4 25.Ng5 Qf5 26.b3 d5 27.cxd5 Rc2 28.
Nxe4 Bxd5 29.g4 Qf7 30.Rac1 Bxe4 31.Rxc2 Bxc2 32.Rxe5 Bxb3 33.Qe3 Rd8 34.
Re7 Qc4 35.Qh6 Rd1+ 36.Kh2 Qd4 37.Re8+ Kf7 38.Qf8# 1-0

[Event "XX C.to Italiano UISP A"]
[Site "Camaiore ITA"]
[Date "1999.12.??"]
[Round "3"]
[White "Vezzosi, Paolo"]
[Black "Sarno, Spartaco"]
[Result "1/2-1/2"]
[WhiteElo "2329"]
[BlackElo "2373"]
[PlyCount "30"]
[EventDate "1999.12.04"]

1.Nf3 Nf6 2.c4 c5 3.Nc3 b6 4.e4 d6 5.d4 cxd4 6.Nxd4 Bb7 7.f3 e6 8.Be2 Be7 
9.O-O O-O 10.Be3 Nbd7 11.Qd2 a6 12.Rfd1 Re8 13.Rac1 Qc7 14.Bf1 Rac8 15.Qf2
Qb8 1/2-1/2

[Event "XX C.to Italiano UISP A"]
[Site "Camaiore ITA"]
[Date "1999.12.??"]
[Round "3"]
[White "Zucconi, Leandro"]
[Black "Pieraccini, Carlo Alberto"]
[Result "1-0"]
[WhiteElo "2180"]
[BlackElo "1733"]
[PlyCount "58"]
[EventDate "1999.12.04"]

1.d4 d5 2.c4 e6 3.Nf3 Nf6 4.Nc3 c6 5.cxd5 exd5 6.Bg5 Be7 7.e3 Nbd7 8.Bd3 
O-O 9.Qc2 h6 10.Bh4 Re8 11.O-O Ne4 12.Bg3 Nxg3 13.hxg3 Nf6 14.Rab1 a5 15.
a3 Nd7 16.b4 axb4 17.axb4 b6 18.e4 Bb7 19.exd5 cxd5 20.Qb3 Nf6 21.Ne5 Bd6 
22.Rfe1 Rc8 23.Nb5 Bxe5 24.dxe5 Ne4 25.Bxe4 dxe4 26.Nd6 Qe7 27.Nxc8 Rxc8 
28.Red1 Qxe5 29.Rd7 Rc7 1-0

[Event "XX C.to Italiano UISP A"]
[Site "Camaiore ITA"]
[Date "1999.12.??"]
[Round "4"]
[White "Adinolfi, Vincenzo"]
[Black "Paganelli, Roberto"]
[Result "1-0"]
[WhiteElo "2187"]
[BlackElo "1912"]
[PlyCount "135"]
[EventDate "1999.12.04"]

1.d4 Nf6 2.c4 g6 3.Nc3 Bg7 4.e4 d6 5.Nf3 O-O 6.Be2 e5 7.O-O Nc6 8.Be3 h6 
9.h3 a6 10.d5 Ne7 11.c5 Nd7 12.cxd6 cxd6 13.Nd2 b5 14.b4 f5 15.f3 f4 16.
Bf2 g5 17.a4 bxa4 18.Qxa4 Nf6 19.b5 Bd7 20.Qb4 axb5 21.Qxd6 Ng6 22.Bxb5 
Bxb5 23.Nxb5 Qxd6 24.Nxd6 Rfd8 25.Nb7 Rdb8 26.Nc5 Nf8 27.Ndb3 h5 28.Rxa8 
Rxa8 29.Ra1 Rxa1+ 30.Nxa1 g4 31.hxg4 hxg4 32.Bh4 gxf3 33.gxf3 N6d7 34.Nab3
Kf7 35.Bd8 Bf6 36.Bc7 Be7 37.Nd3 Ng6 38.Kf2 Ke8 39.Na5 Bd8 40.Bxd8 Kxd8 
41.Nc4 Ke7 42.Ke2 Kf6 43.Nf2 Kg5 44.Ng4 Kh4 45.Kf2 Kh3 46.Nh6 Kh2 47.Nf5 
Kh3 48.Nfd6 Kh2 49.Nc8 Kh3 50.N8b6 Ngf8 51.Na8 Ng6 52.Nc7 Kh2 53.Ne6 Kh3 
54.Ng5+ Kh4 55.Nf7 Kh3 56.Nb2 Kh2 57.Ng5 Nc5 58.Ne6 Nd7 59.Nd3 Kh3 60.Ndc5
Nxc5 61.Nxc5 Ne7 62.d6 Nc6 63.Ne6 Nb8 64.Nf8 Nc6 65.d7 Nd8 66.Ng6 Ne6 67.
Nxe5 Nd8 68.Ng6 1-0

[Event "XX C.to Italiano UISP A"]
[Site "Camaiore ITA"]
[Date "1999.12.??"]
[Round "4"]
[White "Beggi, Pierluigi"]
[Black "Arnetta, Maria Teresa"]
[Result "0-1"]
[WhiteElo "2170"]
[BlackElo "1792"]
[PlyCount "70"]
[EventDate "1999.12.04"]

1.d4 Nf6 2.c4 e6 3.g3 Bb4+ 4.Bd2 Bxd2+ 5.Qxd2 Qe7 6.Bg2 O-O 7.Nc3 d6 8.Nf3
e5 9.O-O Re8 10.Rfd1 Nbd7 11.Rac1 h6 12.Nd5 Nxd5 13.cxd5 e4 14.Ne1 Nf6 15.
f3 Bf5 16.Qf4 Qd7 17.g4 Bg6 18.g5 Nxd5 19.Qh4 Qe7 20.f4 c6 21.Qg3 hxg5 22.
fxg5 Bh5 23.Bf1 Qe6 24.Bh3 Qg6 25.Bf1 f6 26.gxf6 Qxf6 27.Ng2 Rf8 28.Rd2 
Qh6 29.Rcd1 Rf6 30.Rc2 Rg6 31.Qb3 Qe3+ 32.Kh1 Qf2 33.Qc4 e3 34.Rcc1 Rf8 
35.Qd3 Rg4 0-1

[Event "XX C.to Italiano UISP A"]
[Site "Camaiore ITA"]
[Date "1999.12.??"]
[Round "4"]
[White "Campanile, Antonio"]
[Black "Unterthurner, Hans"]
[Result "1-0"]
[WhiteElo "2156"]
[BlackElo "1863"]
[PlyCount "55"]
[EventDate "1999.12.04"]

1.c4 Nf6 2.Nc3 d5 3.cxd5 Nxd5 4.g3 g6 5.Bg2 Nxc3 6.bxc3 Bg7 7.Rb1 Nd7 8.h4
h5 9.Nh3 Nb6 10.Ng5 O-O 11.O-O Bf5 12.Rb4 Rb8 13.Qb3 Qd6 14.e4 Bd7 15.d4 
e5 16.f4 exd4 17.e5 Qe7 18.Rxd4 c5 19.Ba3 Rfc8 20.Be4 Qe8 21.Bxg6 Be6 22.
Nxe6 cxd4 23.Ng5 Rxc3 24.Bxf7+ Kh8 25.Bxe8 Rxb3 26.axb3 Rxe8 27.Rd1 Rd8 
28.Nf7+ 1-0

[Event "XX C.to Italiano UISP A"]
[Site "Camaiore ITA"]
[Date "1999.12.??"]
[Round "4"]
[White "Caruso, Augusto"]
[Black "Ferro, Mario"]
[Result "1-0"]
[WhiteElo "2219"]
[BlackElo "1807"]
[PlyCount "53"]
[EventDate "1999.12.04"]

1.e4 e6 2.d4 d5 3.Nc3 dxe4 4.Nxe4 Nf6 5.Bg5 Be7 6.Bxf6 Bxf6 7.Nf3 O-O 8.
Qd2 b6 9.O-O-O Bb7 10.Bd3 c5 11.dxc5 bxc5 12.Nxf6+ Qxf6 13.Ng5 g6 14.Ne4 
Qe7 15.h4 Nd7 16.h5 c4 17.hxg6 cxd3 18.Rxh7 Bxe4 19.Rh8+ Kg7 20.Qh6+ Kf6 
21.Qh4+ Kxg6 22.Rh6+ Kg7 23.Qxe7 Kxh6 24.Qh4+ Kg7 25.Qxe4 Nf6 26.Qe5 dxc2 
27.Qg5+ 1-0

[Event "XX C.to Italiano UISP A"]
[Site "Camaiore ITA"]
[Date "1999.12.??"]
[Round "4"]
[White "Corvi, Marco"]
[Black "Gaiba, Paolo"]
[Result "1/2-1/2"]
[WhiteElo "2308"]
[BlackElo "2149"]
[PlyCount "80"]
[EventDate "1999.12.04"]

1.c4 e5 2.Nc3 Nf6 3.Nf3 Nc6 4.e3 d5 5.cxd5 Nxd5 6.Bb5 Nxc3 7.bxc3 Bd6 8.d4
exd4 9.cxd4 O-O 10.O-O Bg4 11.h3 Bh5 12.Bb2 Qf6 13.Rc1 Rad8 14.Be2 Bg6 15.
Qb3 Be4 16.Kh1 Qf5 17.Ba3 Rfe8 18.Bxd6 cxd6 19.Qb5 Qf6 20.Nd2 Bf5 21.Bf3 
Re7 22.Rc3 Bd7 23.Qb3 Na5 24.Qa3 b6 25.Ne4 Qh4 26.Ng3 Re6 27.Bg4 Ree8 28.
Bxd7 Rxd7 29.Rfc1 d5 30.Qa4 Red8 31.Rc8 Qe7 32.Qb5 Nc4 33.Rxd8+ Rxd8 34.e4
Qg5 35.Re1 Qd2 36.Re2 Qd1+ 37.Kh2 Qxd4 38.exd5 g6 39.Qa4 Qxd5 40.Qxa7 Kg7 
1/2-1/2

[Event "XX C.to Italiano UISP A"]
[Site "Camaiore ITA"]
[Date "1999.12.??"]
[Round "4"]
[White "Farina, Saverio"]
[Black "Lucaroni, Massimiliano"]
[Result "0-1"]
[WhiteElo "2142"]
[BlackElo "2275"]
[PlyCount "94"]
[EventDate "1999.12.04"]

1.d4 d5 2.c4 e6 3.Nc3 c5 4.e3 Nf6 5.a3 Nc6 6.Nf3 Bd6 7.dxc5 Bxc5 8.b4 Bd6 
9.Bb2 O-O 10.Qc2 a5 11.b5 Ne5 12.Nxe5 Bxe5 13.Na4 Bxb2 14.Qxb2 b6 15.Be2 
dxc4 16.O-O Bb7 17.Rfd1 Nd7 18.Rd4 e5 19.Rxd7 Qxd7 20.Nxb6 Qf5 21.Nxa8 
Rxa8 22.Rd1 h5 23.Qc3 Rc8 24.h4 a4 25.f3 e4 26.f4 Qxb5 27.Rd4 Qb3 28.Qc1 
c3 29.Rb4 Qa2 30.Bd1 Bd5 31.Rxa4 c2 32.Rb4 cxd1=Q+ 33.Qxd1 Qxa3 34.Qd4 Qd3
35.Kh2 Qxd4 36.Rxd4 Ba8 37.Kg3 g6 38.f5 Kg7 39.fxg6 fxg6 40.Rd7+ Kf6 41.
Rd6+ Kf7 42.Kf4 Rc5 43.g4 hxg4 44.Kxg4 Rf5 45.Ra6 Bd5 46.Ra7+ Kf6 47.h5 
Be6 0-1

[Event "XX C.to Italiano UISP A"]
[Site "Camaiore ITA"]
[Date "1999.12.??"]
[Round "4"]
[White "Galioto, Natale"]
[Black "Pipitone, Antonio"]
[Result "1/2-1/2"]
[WhiteElo "1934"]
[BlackElo "2063"]
[PlyCount "55"]
[EventDate "1999.12.04"]

1.e4 c5 2.Nf3 d6 3.d4 cxd4 4.Nxd4 Nf6 5.Nc3 Nc6 6.Bc4 e6 7.O-O a6 8.Be3 
Qc7 9.Bb3 Bd7 10.f3 Be7 11.Qd2 O-O 12.g4 Nxd4 13.Bxd4 Bc6 14.h4 Rfd8 15.g5
Nd7 16.f4 Nc5 17.f5 Nxb3 18.axb3 d5 19.Qf2 dxe4 20.Bb6 Qe5 21.fxe6 fxe6 
22.Ra5 Bb5 23.Nxb5 axb5 24.Bxd8 Bc5 25.Rxa8 Qg3+ 26.Kh1 Qh3+ 27.Kg1 Qg3+ 
28.Kh1 1/2-1/2

[Event "XX C.to Italiano UISP A"]
[Site "Camaiore ITA"]
[Date "1999.12.??"]
[Round "4"]
[White "Gardon, Ermanno"]
[Black "Zucconi, Leandro"]
[Result "0-1"]
[WhiteElo "2130"]
[BlackElo "2180"]
[PlyCount "67"]
[EventDate "1999.12.04"]

1.e4 e6 2.d4 d5 3.Nc3 dxe4 4.Nxe4 Nd7 5.Nf3 Ngf6 6.Nxf6+ Nxf6 7.Bd3 b6 8.
Bg5 Bb7 9.O-O Be7 10.c3 O-O 11.Qe2 Bxf3 12.Qxf3 Qd5 13.Qe3 Rad8 14.Rfe1 c5
15.Rad1 cxd4 16.cxd4 Qxa2 17.Qh3 h6 18.Bxh6 Rxd4 19.Re5 Rxd3 20.Qxd3 Rd8 
21.Qxd8+ Bxd8 22.Rxd8+ Kh7 23.Bc1 Nd5 24.Rh5+ Kg6 25.Rg5+ Kf6 26.Rg3 Ke7 
27.Rb8 Kd7 28.Ra3 Qb1 29.Rc3 a5 30.h3 b5 31.Rc5 Kd6 32.Rcc8 Nb6 33.Rd8+ 
Nd7 34.Rbc8 0-1

[Event "XX C.to Italiano UISP A"]
[Site "Camaiore ITA"]
[Date "1999.12.??"]
[Round "4"]
[White "Luciani, Valerio"]
[Black "Vezzosi, Paolo"]
[Result "1/2-1/2"]
[WhiteElo "2229"]
[BlackElo "2329"]
[PlyCount "112"]
[EventDate "1999.12.04"]

1.d4 Nf6 2.c4 e6 3.g3 c5 4.Bg2 cxd4 5.Qxd4 Nc6 6.Qf4 d5 7.Nf3 Bd6 8.Qh4 
Ne7 9.cxd5 Nf5 10.Qa4+ Bd7 11.Qb3 exd5 12.O-O h6 13.Rd1 O-O 14.Bf4 Bxf4 
15.gxf4 Be6 16.Na3 Qe7 17.Nb5 Rac8 18.Nbd4 Rc7 19.e3 Rfc8 20.Bf1 Rc5 21.
Qa3 Nd6 22.Ne5 a6 23.Nd3 Nc4 24.Qb3 Bg4 25.Nxc5 Bxd1 26.Rxd1 Rxc5 27.Bg2 
Qc7 28.a4 Nd6 29.Ne2 Nde4 30.Ng3 Rc1 31.Bxe4 dxe4 32.Kg2 Rxd1 33.Qxd1 Qc4 
34.h3 g6 35.Qd8+ Kg7 36.Qd4 Qxd4 37.exd4 Kf8 38.Kf1 Ke7 39.Ke2 Nd5 40.Nxe4
Nxf4+ 41.Kf3 Nxh3 42.Nc5 Ng5+ 43.Ke3 b6 44.Nxa6 Kd6 45.b4 h5 46.a5 bxa5 
47.bxa5 h4 48.f4 h3 49.Kf2 Ne6 50.Kg3 Nxf4 51.Nb4 Ne2+ 52.Kxh3 Nxd4 53.Nd3
Kd5 54.a6 Nb5 55.Kg4 Kd4 56.Nf4 Ke5 1/2-1/2

[Event "XX C.to Italiano UISP A"]
[Site "Camaiore ITA"]
[Date "1999.12.??"]
[Round "4"]
[White "Mazzilli, Piero"]
[Black "Pieraccini, Carlo Alberto"]
[Result "1-0"]
[WhiteElo "2131"]
[BlackElo "1733"]
[PlyCount "55"]
[EventDate "1999.12.04"]

1.Nf3 Nf6 2.g3 d5 3.Bg2 c6 4.O-O Nbd7 5.d4 e6 6.Nbd2 Bd6 7.c4 O-O 8.b3 Re8
9.Bb2 b6 10.Qc2 Bb7 11.e4 e5 12.Rfe1 Qc7 13.cxd5 cxd5 14.Qxc7 Bxc7 15.Nxe5
Nxe5 16.dxe5 Nxe4 17.Nxe4 dxe4 18.Bxe4 Bxe4 19.Rxe4 Rad8 20.Rc1 Bb8 21.Rc2
Re6 22.f4 g6 23.Rd4 Rde8 24.Rd7 b5 25.Rb7 a6 26.Rd2 Rc6 27.Rdd7 Rc2 28.e6 
1-0

[Event "XX C.to Italiano UISP A"]
[Site "Camaiore ITA"]
[Date "1999.12.??"]
[Round "4"]
[White "Nelli, Luca"]
[Black "Ragonese, Lucio Rosario"]
[Result "1-0"]
[WhiteElo "1882"]
[BlackElo "2010"]
[PlyCount "109"]
[EventDate "1999.12.04"]

1.c4 f5 2.Nf3 Nf6 3.b3 g6 4.Bb2 Bg7 5.g3 d6 6.d4 O-O 7.Bg2 c6 8.O-O Qc7 9.
d5 e5 10.dxe6 Bxe6 11.Nc3 Na6 12.Rc1 Rad8 13.Qc2 Nb4 14.Qb1 Rfe8 15.Rfd1 
f4 16.Nd4 fxg3 17.hxg3 Bg4 18.a3 Na6 19.Re1 Nc5 20.b4 Ne6 21.Nxe6 Bxe6 22.
Nd5 Qf7 23.Nxf6+ Bxf6 24.Bxf6 Qxf6 25.b5 Rf8 26.Rf1 Rc8 27.bxc6 bxc6 28.
Qb7 Rf7 29.Qb4 Qe5 30.e3 Bg4 31.c5 Bf3 32.cxd6 Bxg2 33.Kxg2 c5 34.Qd2 Rd7 
35.Rfd1 Rc6 36.Qd5+ Qxd5+ 37.Rxd5 Rdxd6 38.Rdxc5 Rxc5 39.Rxc5 Ra6 40.Rc3 
Ra4 41.f4 Kf7 42.Kf3 Kf6 43.e4 g5 44.Rc6+ Kf7 45.e5 a5 46.Kg4 gxf4 47.gxf4
h5+ 48.Kg5 h4 49.Rh6 Rxa3 50.Rxh4 Re3 51.Rh7+ Kg8 52.Ra7 Ra3 53.Kg6 Rg3+ 
54.Kf6 Ra3 55.e6 1-0

[Event "XX C.to Italiano UISP A"]
[Site "Camaiore ITA"]
[Date "1999.12.??"]
[Round "4"]
[White "Ottavi, Marco"]
[Black "Prelati, Maurizio"]
[Result "1-0"]
[WhiteElo "1924"]
[BlackElo "2129"]
[PlyCount "71"]
[EventDate "1999.12.04"]

1.e4 c5 2.Nf3 d6 3.d4 cxd4 4.Nxd4 Nf6 5.Nc3 a6 6.Bc4 e6 7.Bg5 Be7 8.Qe2 
O-O 9.f4 b5 10.Bb3 Ne8 11.Bxe7 Qxe7 12.O-O b4 13.Nd1 Qa7 14.Qe3 Nf6 15.Kh1
e5 16.fxe5 dxe5 17.Nf5 Qxe3 18.Ndxe3 Bb7 19.Nd6 Bc6 20.Nef5 Be8 21.Nh6+ 
gxh6 22.Rxf6 Nd7 23.Nxe8 Raxe8 24.Rxa6 Kg7 25.Ra7 Nf6 26.Rf1 Rd8 27.Re7 
Nxe4 28.Rxe5 f5 29.g4 Nd2 30.Rfxf5 Nxb3 31.cxb3 Rd2 32.Re7+ Kg8 33.Rxf8+ 
Kxf8 34.Rxh7 Rxb2 35.Rxh6 Rxa2 36.Rb6 1-0

[Event "XX C.to Italiano UISP A"]
[Site "Camaiore ITA"]
[Date "1999.12.??"]
[Round "4"]
[White "Riccio, Eros"]
[Black "Gazzarri, Alberto"]
[Result "1-0"]
[WhiteElo "2096"]
[BlackElo "2210"]
[PlyCount "85"]
[EventDate "1999.12.04"]

1.e4 e5 2.Nf3 Nc6 3.d4 exd4 4.Nxd4 Nf6 5.Nxc6 bxc6 6.e5 Qe7 7.Qe2 Nd5 8.c4
Ba6 9.b3 Qh4 10.a3 Rb8 11.g3 Qe7 12.Nd2 g6 13.Bb2 Bg7 14.Bg2 O-O 15.O-O f6
16.Rfe1 fxe5 17.Bxe5 Rfe8 18.Qg4 Bxe5 19.cxd5 cxd5 20.Bxd5+ Kh8 21.Rad1 
Qg7 22.Qa4 Bb5 23.Qxa7 c6 24.Bc4 Bd4 25.Rxe8+ Rxe8 26.Qc7 Bxf2+ 27.Kg2 Qd4
28.Qf4 Bxc4 29.Qxd4+ Bxd4 30.Nxc4 c5 31.Rd2 Rb8 32.b4 d5 33.bxc5 dxc4 34.
Rxd4 c3 35.Rc4 Rb2+ 36.Kh3 c2 37.c6 Rb8 38.Rxc2 Kg7 39.c7 Rc8 40.a4 Kf6 
41.a5 Ke7 42.a6 Kd7 43.a7 1-0

[Event "XX C.to Italiano UISP A"]
[Site "Camaiore ITA"]
[Date "1999.12.??"]
[Round "4"]
[White "Sarno, Spartaco"]
[Black "Tomescu, Vlad"]
[Result "1/2-1/2"]
[WhiteElo "2373"]
[BlackElo "2453"]
[PlyCount "37"]
[EventDate "1999.12.04"]

1.c4 e5 2.Nc3 Nc6 3.g3 Nf6 4.Bg2 Bc5 5.e3 d5 6.cxd5 Nb4 7.d4 exd4 8.exd4 
Be7 9.Nge2 Nbxd5 10.O-O c6 11.Nf4 Nxf4 12.Bxf4 Be6 13.d5 Nxd5 14.Nxd5 Bxd5
15.Bxd5 cxd5 16.Qb3 b6 17.Rad1 O-O 18.Rxd5 Qc8 19.Rfd1 1/2-1/2

[Event "XX C.to Italiano UISP A"]
[Site "Camaiore ITA"]
[Date "1999.12.??"]
[Round "5"]
[White "Arnetta, Maria Teresa"]
[Black "Corvi, Marco"]
[Result "0-1"]
[WhiteElo "1792"]
[BlackElo "2308"]
[PlyCount "104"]
[EventDate "1999.12.04"]

1.e4 Nf6 2.e5 Nd5 3.d4 d6 4.c4 Nb6 5.f4 dxe5 6.fxe5 c5 7.d5 e6 8.Nc3 exd5 
9.cxd5 c4 10.Nf3 Bb4 11.Be2 Qxd5 12.Qxd5 Nxd5 13.O-O Nxc3 14.bxc3 Bc5+ 15.
Kh1 O-O 16.Ng5 Nc6 17.Bf4 Be7 18.Ne4 Be6 19.a4 b6 20.Bf3 Rac8 21.Rad1 Na5 
22.Nd6 Bxd6 23.Rxd6 Rfd8 24.Rfd1 Rxd6 25.exd6 Kf8 26.Bh5 Bd7 27.Bg5 f6 28.
Bf4 g6 29.Bf3 Kg7 30.h3 Re8 31.Bg4 f5 32.Bf3 Bxa4 33.Rd2 Bd7 34.g4 Nb3 35.
Ra2 a5 36.Bg5 Re6 37.Be7 Re3 38.Bd5 Rxh3+ 39.Kg2 fxg4 40.Rf2 Nc5 41.Bf8+ 
Kh8 42.Rf7 Be6 43.Bxe6 Nxe6 44.Rf6 Nc5 45.Be7 Rf3 46.Rxf3 gxf3+ 47.Kxf3 
Kg8 48.Bd8 Nd7 49.Ke4 a4 50.Kd5 a3 51.Ke6 Nf8+ 52.Kf6 a2 0-1